කල්බදු මුල්යකරණ (සංශෝධන) : 2000 අංක 56 දරන කල්බදු මුල්යකරණ පනත සංශෝධනය කිරීම සඳහා වූ පනත් කෙටුම්පතකි.
Saved in:
| Main Author: | |
|---|---|
| Format: | Book |
| Language: | English |
| Published: |
කොළඹ :
රජයේ ප්රකාශන කාර්යාංශය,
2019.
|
| Series: | (පනත් කෙටුම්පත් ; අංක 305, 2019)
|
| Tags: |
Add Tag
No Tags, Be the first to tag this record!
|
MARC
| LEADER | 00000nam a22000007a 4500 | ||
|---|---|---|---|
| 003 | LK-CoNLD | ||
| 005 | 20210202132937.0 | ||
| 008 | 151216b xxu||||| |||| 00| 0 eng d | ||
| 015 | |2 slnb |a slnb202004 | ||
| 017 | |a 464220 |b LK-CoDNA | ||
| 040 | |a LK-CoNLD |b SIN |c LK-CoNLD |d LK-CoNLD | ||
| 082 | |2 23 |q LK-CoNLD |a 346.0250262 | ||
| 100 | |9 5477 |a ශ්රී ලංකාව. පාර්ලිමේන්තුව | ||
| 245 | |6 880 - 01 |a කල්බදු මුල්යකරණ (සංශෝධන) : |b 2000 අංක 56 දරන කල්බදු මුල්යකරණ පනත සංශෝධනය කිරීම සඳහා වූ පනත් කෙටුම්පතකි. | ||
| 260 | |9 5562 |a කොළඹ : |b රජයේ ප්රකාශන කාර්යාංශය, |c 2019. | ||
| 300 | |a පි. 2 ; |c සෙමී. 21. |b කබැ-කක : රු. 6.00 | ||
| 490 | |a (පනත් කෙටුම්පත් ; අංක 305, 2019) | ||
| 500 | |a Text in Sinhala. | ||
| 942 | |c PARLBILL | ||
| 999 | |c 236089 |d 236089 | ||